Manorama yearbook 2011 (Record no. 42977)

MARC details
000 -LEADER
fixed length control field 00275nam a2200109Ia 4500
020 ## - INTERNATIONAL STANDARD BOOK NUMBER
ISBN ISSN:09752250
082 ## - DEWEY DECIMAL CLASSIFICATION NUMBER
Classification number 0582011
Item number MAN
245 #0 - TITLE STATEMENT
Title Manorama yearbook 2011
260 ## - PUBLICATION, DISTRIBUTION, ETC. (IMPRINT)
Place of publication Kottayam
Name of publisher Malayala Manorama
Year of publication 2011
942 ## - ADDED ENTRY ELEMENTS (KOHA)
Koha item type Books
Holdings
Withdrawn status Lost status Damaged status Not for loan Home library Current library Date acquired Cost, normal purchase price Full call number Accession Number Koha item type
        RRII Library RRII Library 16/12/2021 160.00 0582011 MAN 23241 Books